000 01225nmc a2200373 a 4500
003 AR-BaBNM
005 20251128204739.0
008 167119s1989 ||||||||||||||000 | spa||
020 _a84-7509-518-6
040 _cAR-BaBNM
100 1 _aWittrock, Merlin C.
245 1 0 _aLa investigación de la enseñanza
_bmétodos cualitativos y de observación
_n2
250 _a1ª ed.
260 _aBarcelona
_bPaidós
_bMinisterio de Educación y Ciencia
_c1989
300 0 _ap. 195-431
_bdiagr., tablas, gráfs.
490 0 _aEducador
_vv. 88
500 0 _aContiene referencias bibliográficas al final de cada capítulo
500 0 _aIndice de autores: p. 423-428
500 0 _aIndice analítico: p. 429-431
650 4 _aTECNICAS DE INVESTIGACION
650 4 _aMETODOS DE INVESTIGACION
650 4 _aANALISIS DE DATOS
650 4 _aREDACCION DE INFORMES
650 4 _aOBSERVACION
650 4 _aMUESTREO DE DATOS
653 0 _aINVESTIGACION EDUCATIVA
653 0 _aMETODOS CUALITATIVOS
700 1 _aVitale, Gloria
_etraductor
700 1 _aSancho, Juana María
_erevisión
800 1 _aRomero Brest, Gilda Lamarque de
_edirector
800 1 _aBernstein, Jaime
_edirector
942 _cBK
998 _csilvi
999 _c8663
_d8663